000 00835nam a2200229 a 4500
001 15234555
008 120621s2008 ||||||||||||||||| || u
010 _a2008297524
020 _a9780750681742
020 _a0750681748
050 _aHD 61 Spe
100 _aRose, Adam
245 1 0 _aBusiness risk management handbook: a sustainable approach
_cby Linda Spedding and Adam Rose
260 _aBurlington, MA:
_bCIMA
_c2008
300 _axliii, 738p.: ill.
350 _a0.00
500 _aIncludes bibliographical references
650 0 _aRISK MANAGEMENT
700 _aSpedding, Linda
856 _uhttp://www.loc.gov/catdir/enhancements/fy0827/2008297524-d.html
995 _FCBU-MAIN LIBRARY (Kitwe)
_I0.00
_M1
_UAVAILABLE
_WJun 21, 2012
_ZMain Library Open Access Collection
999 _c36519
_d36519